[Event "Burgdorf op 19th"]
[Site "Burgdorf"]
[Date "2020.02.14"]
[Round "1"]
[White "Ferrari, Matteo"]
[Black "Kazakov, Mikhail"]
[Result "0-1"]
[WhiteElo "1792"]
[BlackElo "2512"]
[PlyCount "80"]
[EventDate "2020.02.14"]
[EventType "swiss"]
[EventRounds "5"]
[EventCountry "SUI"]
[SourceTitle "CBM 194 Extra"]
[Source "ChessBase"]
[SourceDate "2020.03.31"]
[SourceVersion "1"]
[SourceVersionDate "2020.03.31"]
[SourceQuality "1"]

1. Nf3 d5 2. g3 c6 3. Bg2 g6 4. d4 Bg7 5. c3 Nf6 6. 0-0 0-0 7. Nbd2 c5 8. dxc5 a5 9. a4 Qc7 10. Nd4 Qxc5 11. N2b3 Qb6 12. Be3 Ng4 13. Bc1 Nc6 14. h3 Nxd4 15. Nxd4 Nf6 16. Nb5 Bd7 17. Be3 Qd8 18. Qb3 Qc8 19. Kh2 h5 20. Bf4 Qc5 21. Nc7 Rad8 22. Nxd5 Bc6 23. Nxf6+ Bxf6 24. Be3 Qf5 25. Bxc6 bxc6 26. Qc4 Rb8 27. Rab1 Rfc8 28. Qc5 Qc2 29. Rfc1 Qxa4 30. Ra1 Qe4 31. Qxa5 Rxb2 32. Qa6 Rcb8 33. Ra4 Qd5 34. Rb4 h4 35. Rxb8+ Rxb8 36. Qd3 hxg3+ 37. Kxg3 Qh5 38. Qc4 Rb2 39. Qxc6 Qxe2 40. Ra1 Be5+ 0-1

[Event "Zuerich op 37th"]
[Site "Zuerich"]
[Date "2013.12.29"]
[Round "5"]
[White "Ferrari, Matteo"]
[Black "Bodmer, Marcel"]
[Result "1-0"]
[WhiteElo "1770"]
[BlackElo "1955"]
[PlyCount "43"]
[EventDate "2013.12.26"]
[EventType "swiss"]
[EventRounds "7"]
[EventCountry "SUI"]
[SourceTitle "CBM 158 Extra"]
[Source "ChessBase"]
[SourceDate "2014.02.28"]
[SourceVersion "1"]
[SourceVersionDate "2014.02.28"]
[SourceQuality "1"]

1. e4 c5 2. Nf3 g6 3. c3 Nf6 4. e5 Ng4 5. h3 Nh6 6. Bc4 Nc6 7. 0-0 Na5 8. Na3 Nf5 9. Bd5 h5 10. b4 cxb4 11. cxb4 e6 12. bxa5 exd5 13. Qb3 Qxa5 14. Bb2 Rg8 15. Nb5 a6 16. Nd6+ Nxd6 17. exd6 Bxd6 18. Qe3+ Kd8 19. Bd4 Re8 20. Bb6+ Qxb6 21. Qxb6+ Bc7 22. Qf6+ 1-0

[Event "SUI-ch HT2"]
[Site "Samnaun"]
[Date "2008.07.14"]
[Round "3"]
[White "Zangger, Daniel"]
[Black "Ferrari, Matteo"]
[Result "1/2-1/2"]
[WhiteElo "1922"]
[BlackElo "1754"]
[PlyCount "82"]
[EventDate "2008.07.12"]
[EventType "swiss"]
[EventRounds "7"]
[EventCountry "SUI"]
[SourceTitle "EXT 2024"]
[Source "ChessBase"]
[SourceDate "2023.10.10"]
[SourceVersion "1"]
[SourceVersionDate "2023.10.10"]
[SourceQuality "1"]

1. e4 c5 2. Nf3 Nc6 3. d4 cxd4 4. Nxd4 Nf6 5. Nc3 e5 6. Ndb5 d6 7. Bg5 a6 8. Na3 Be6 9. Nc4 Rc8 10. Ne3 Be7 11. Bxf6 gxf6 12. Ncd5 f5 13. exf5 Bxd5 14. Qxd5 0-0 15. c3 Bg5 16. Nc4 Ne7 17. Qf3 Bf6 18. Rd1 Rc6 19. Be2 b5 20. Ne3 Kh8 21. h4 Rc5 22. g4 e4 23. Qxe4 Re8 24. Qf3 Qa5 25. a3 Bxc3+ 26. bxc3 Rxc3 27. 0-0 Qb6 28. Rd3 Rxd3 29. Bxd3 Rg8 30. f6 Ng6 31. Nd5 Qd4 32. Qf5 Qa4 33. h5 Nf8 34. f3 h6 35. f4 Qxa3 36. Kh1 a5 37. Bxb5 Qh3+ 38. Kg1 Qg3+ 39. Kh1 Qh3+ 40. Kg1 Qg3+ 41. Kh1 Qh3+ 1/2-1/2